000 00195nam a2200085Ia 4500
008 170617s9999 xx 000 0 und d
100 _aFerguson -N
245 0 _aText book of Organic Chemistry
260 _bEWP
260 _c2008
999 _c15774
_d15774